000 00384pab a2200145 454500
008 180718b1987 xxu||||| |||| 00| 0 eng d
100 _aKhan, Akbar Ali
245 _aThe village in Bangladesh
_bA survey
260 _c1987
300 _a1-35
362 _aJan.
650 _aVillages - Surveys - Bangladesh
773 _aBangladesh Journal of Public Administration
909 _a20273
999 _c20273
_d20273